[Event "e2e4 ch-IRL"]
[Site "Dublin IRL"]
[Date "2011.07.04"]
[Round "3"]
[White "Fox, Anthony"]
[Black "Janusaitis, Mindaugas"]
[Result "1-0"]
[WhiteElo "2087"]
[BlackElo "1968"]
[Plycount "127"]
[WhiteFideId "2500736"]
[BlackFideId "12802530"]
[EventDate "2011.07.02"]
[Source "TWIC 870"]

1. e4 c5 2. Nc3 Nc6 3. g3 g6 4. Bg2 Bg7 5. d3 Nf6 6. Be3 d6 7. h3 Rb8 8. Nge2 b5
9. Qd2 b4 10. Nd1 h5 11. f4 e5 12. c3 Ba6 13. O-O bxc3 14. bxc3 Nd7 15. f5 g5
16. Bxg5 Bf6 17. Bxf6 Qxf6 18. Ne3 Qh6 19. Rab1 O-O 20. Kh2 Kh7 21. Rfd1 Rxb1
22. Rxb1 Rb8 23. Rxb8 Ndxb8 24. Nc1 Nd7 25. Nf1 Nb6 26. Qxh6+ Kxh6 27. Ne3 Na4
28. c4 Nc3 29. Kg1 Nb4 30. a3 Nc6 31. Nb3 f6 32. Kf2 Nd4 33. Nxd4 cxd4 34. Nd5
Nxd5 35. exd5 Bc8 36. Be4 h4 37. gxh4 a5 38. Kg3 Bd7 39. Kg4 Ba4 40. Bf3 Bd7 41.
Bd1 Be8 42. Kg3 Bd7 43. Bg4 Ba4 44. Kf3 Bd7 45. Ke2 Kg7 46. Kd2 Kh6 47. Kc2 Ba4+
48. Kb2 Kg7 49. Bh5 Bd7 50. Bg6 Ba4 51. h5 Kf8 52. h6 Bd1 53. h4 Bf3 54. Kc2 e4
55. dxe4 Bxe4+ 56. Kd2 Kg8 57. h7+ Kg7 58. Be8 Kxh7 59. c5 dxc5 60. d6 c4 61.
Bg6+ Kh6 62. d7 c3+ 63. Ke1 d3 64. d8=Q 1-0

[Event "e2e4 ch-IRL"]
[Site "Dublin IRL"]
[Date "2011.07.04"]
[Round "3"]
[White "Cafolla, Peter"]
[Black "Moran, Stephen"]
[Result "0-1"]
[WhiteElo "2053"]
[BlackElo "1983"]
[Plycount "80"]
[WhiteFideId "2500884"]
[BlackFideId "2501872"]
[EventDate "2011.07.02"]
[Source "TWIC 870"]

1. d4 Nf6 2. c4 g6 3. Nc3 d5 4. Bg5 Ne4 5. Bh4 Nxc3 6. bxc3 dxc4 7. e3 Be6 8.
Nf3 Bg7 9. Rb1 b6 10. Qc2 c6 11. Be2 O-O 12. O-O a6 13. Ng5 Bd5 14. e4 h6 15.
Nh3 Be6 16. Nf4 Bc8 17. Bg3 b5 18. Rbd1 Qa5 19. Bf3 e5 20. dxe5 Re8 21. Ne2 Be6
22. Nd4 c5 23. Nf5 Nd7 24. Nxg7 Kxg7 25. Rd6 b4 26. Bf4 g5 27. cxb4 cxb4 28. Bg3
c3 29. Rd5 Qc7 30. Rfd1 Nb6 31. h3 Nc4 32. Rd6 Na3 33. Qa4 a5 34. Rc6 Qb7 35.
Rd5 Rac8 36. Rxc8 Rxc8 37. Bd1 Bxd5 38. exd5 Qb5 39. Qxb5 Nxb5 40. Bc2 Na3 0-1

[Event "e2e4 ch-IRL"]
[Site "Dublin IRL"]
[Date "2011.07.04"]
[Round "3"]
[White "Doyle, Hugh"]
[Black "King, Melvyn"]
[Result "1/2-1/2"]
[WhiteElo "1909"]
[BlackElo "1980"]
[Plycount "48"]
[WhiteFideId "2500876"]
[BlackFideId "2503379"]
[EventDate "2011.07.02"]
[Source "TWIC 870"]

1. c4 Nf6 2. g3 c6 3. Bg2 d5 4. Nf3 dxc4 5. Na3 Qc7 6. Nxc4 Bf5 7. b3 e6 8. Bb2
Be7 9. O-O O-O 10. d3 Nbd7 11. a3 Rad8 12. Qc2 h6 13. Rac1 Ne8 14. e4 Bh7 15. d4
Qb8 16. Qe2 Bf6 17. Rfd1 c5 18. e5 Be7 19. d5 exd5 20. Rxd5 Nc7 21. Rdd1 Ne6 22.
Bh3 Nb6 23. Ne3 Rxd1+ 24. Rxd1 Rd8 1/2-1/2

[Event "e2e4 ch-IRL"]
[Site "Dublin IRL"]
[Date "2011.07.04"]
[Round "3"]
[White "Twomey, Pat"]
[Black "Loughran, John"]
[Result "1/2-1/2"]
[WhiteElo "1881"]
[BlackElo "1916"]
[Plycount "135"]
[WhiteFideId "2501937"]
[BlackFideId "2501562"]
[EventDate "2011.07.02"]
[Source "TWIC 870"]

1. c4 g6 2. Nc3 Bg7 3. d4 d6 4. e4 Nf6 5. f4 O-O 6. Nf3 c5 7. d5 Bg4 8. Be2 e6
9. O-O exd5 10. cxd5 Nbd7 11. h3 Bxf3 12. Bxf3 a6 13. a4 Ne8 14. Be3 Nc7 15. a5
Nb5 16. Qd2 Nd4 17. Bd1 Nb5 18. Be2 Nxc3 19. bxc3 Re8 20. Bf3 Qc7 21. Bf2 Reb8
22. Ra2 b5 23. e5 Ra7 24. e6 Nf6 25. g4 Ne8 26. f5 gxf5 27. gxf5 Qe7 28. Bh5
fxe6 29. fxe6 Qf6 30. Bd4 Qh6 31. Bf7+ Kf8 32. Qxh6 Bxh6 33. Bxe8+ Kxe8 34. Bf6
b4 35. Rb1 b3 36. Rg2 Rb5 37. Rg8+ Bf8 38. e7 Rxe7 39. Bxe7 Kxe7 40. c4 Rb4 41.
Rg3 b2 42. Re3+ Kd7 43. Re2 Bg7 44. Rc2 Bd4+ 45. Kg2 Ra4 46. Rbxb2 Bxb2 47. Rxb2
Rb4 48. Rf2 Rxc4 49. Rf7+ Kc8 50. Rxh7 Ra4 51. Rh6 Kd7 52. Rh7+ Ke8 53. Rh8+ Ke7
54. h4 Rxa5 55. Kf3 Ra4 56. h5 Rd4 57. h6 Kf7 58. h7 Kg7 59. Rd8 Kxh7 60. Rxd6
a5 61. Ke3 a4 62. Ra6 Kg7 63. Ra5 Rxd5 64. Rxa4 Kf6 65. Ra6+ Ke5 66. Rc6 Kf5 67.
Rh6 Kg5 68. Rc6 1/2-1/2

[Event "e2e4 ch-IRL"]
[Site "Dublin IRL"]
[Date "2011.07.05"]
[Round "4"]
[White "Brady, Stephen"]
[Black "O'Connor, Jonathan"]
[Result "1-0"]
[WhiteTitle "FM"]
[WhiteElo "2357"]
[BlackElo "2124"]
[Plycount "45"]
[WhiteFideId "2500124"]
[BlackFideId "2501112"]
[EventDate "2011.07.02"]
[Source "TWIC 870"]

1. e4 e6 2. d4 d5 3. Nd2 Nf6 4. e5 Nfd7 5. c3 c5 6. Bd3 Nc6 7. Ndf3 cxd4 8. cxd4
f6 9. exf6 Nxf6 10. Nh3 Bd6 11. O-O Qc7 12. Re1 O-O 13. Nhg5 e5 14. dxe5 Nxe5
15. Bxh7+ Kh8 16. Bd3 Bg4 17. h3 Bxf3 18. Nxf3 Nxd3 19. Qxd3 Rad8 20. Bg5 Bc5
21. Bxf6 Rxf6 22. Rac1 Qb6 23. Rc2 1-0

[Event "e2e4 ch-IRL"]
[Site "Dublin IRL"]
[Date "2011.07.05"]
[Round "4"]
[White "Redmond, John P."]
[Black "Jones, Iolo C"]
[Result "1-0"]
[BlackTitle "CM"]
[WhiteElo "2190"]
[BlackElo "2286"]
[Plycount "63"]
[WhiteFideId "2500051"]
[BlackFideId "1800094"]
[EventDate "2011.07.02"]
[Source "TWIC 870"]

1. d4 Nf6 2. c4 d6 3. Nf3 Nbd7 4. Nc3 e5 5. e4 Be7 6. Be2 O-O 7. O-O c6 8. Be3
Re8 9. d5 cxd5 10. cxd5 a6 11. Nd2 b5 12. b4 Nb6 13. a4 bxa4 14. Nxa4 Nfd7 15.
Nxb6 Nxb6 16. Nb3 Bg5 17. Qd2 Bxe3 18. Qxe3 f5 19. f3 f4 20. Qf2 Nd7 21. Na5 Qb6
22. Qxb6 Nxb6 23. Rfc1 Rb8 24. Nc6 Ra8 25. Na5 Rb8 26. Rc7 Nd7 27. Nc6 Ra8 28.
b5 a5 29. Rxa5 Rxa5 30. Nxa5 Nc5 31. Nc4 Nb7 32. Nb6 1-0

[Event "e2e4 ch-IRL"]
[Site "Dublin IRL"]
[Date "2011.07.05"]
[Round "4"]
[White "Keogh, Eamon"]
[Black "Prizant, Michael"]
[Result "0-1"]
[WhiteElo "2015"]
[BlackElo "2126"]
[Plycount "46"]
[WhiteFideId "2500264"]
[BlackFideId "413640"]
[EventDate "2011.07.02"]
[Source "TWIC 870"]

1. f4 e5 2. fxe5 d6 3. exd6 Bxd6 4. Nf3 Nf6 5. d4 O-O 6. Bg5 Re8 7. Nc3 Bf5 8.
Qd2 Nbd7 9. O-O-O h6 10. Bh4 g5 11. Bg3 Bb4 12. Nxg5 hxg5 13. Qxg5+ Bg6 14. h4
Bxc3 15. bxc3 Qe7 16. Kb2 Nb6 17. Qb5 c6 18. Qb3 Nbd5 19. c4 Ne3 20. Rc1 b5 21.
c5 a5 22. Bf4 Nfd5 23. Bxe3 a4 0-1

[Event "e2e4 ch-IRL"]
[Site "Dublin IRL"]
[Date "2011.07.05"]
[Round "4"]
[White "McCabe, Darren"]
[Black "Josse, Mark"]
[Result "0-1"]
[WhiteElo "2024"]
[BlackElo "2176"]
[Plycount "44"]
[WhiteFideId "2500760"]
[BlackFideId "414476"]
[EventDate "2011.07.02"]
[Source "TWIC 870"]

1. e4 c5 2. c3 d5 3. exd5 Qxd5 4. d4 Nf6 5. Nf3 Bg4 6. dxc5 Qxd1+ 7. Kxd1 e5 8.
b4 e4 9. h3 Bh5 10. g4 Nxg4 11. hxg4 Bxg4 12. Nd2 exf3 13. Bd3 Nd7 14. Re1+ Be7
15. Kc2 h5 16. Be4 O-O-O 17. Nxf3 f5 18. Bd5 Nxc5 19. Bxb7+ Nxb7 20. Rxe7 Bxf3
21. Bf4 Rd7 22. Rae1 Be4+ 0-1

[Event "e2e4 ch-IRL"]
[Site "Dublin IRL"]
[Date "2011.07.05"]
[Round "4"]
[White "Moran, Stephen"]
[Black "O'Connell, Gerard"]
[Result "1-0"]
[WhiteElo "1983"]
[BlackElo "2142"]
[Plycount "121"]
[WhiteFideId "2501872"]
[BlackFideId "2500493"]
[EventDate "2011.07.02"]
[Source "TWIC 870"]

1. d4 Nf6 2. c4 g6 3. Nc3 d5 4. Nf3 Bg7 5. cxd5 Nxd5 6. g3 Nxc3 7. bxc3 c5 8.
Bg2 Nc6 9. Be3 cxd4 10. Nxd4 O-O 11. O-O Na5 12. Qa4 Bd7 13. Qb4 Rc8 14. Rfd1
Rc4 15. Qa3 Ra4 16. Qc5 b6 17. Qd5 Qe8 18. f4 e6 19. Qf3 Nc4 20. Bf2 e5 21. Nc6
Nd2 22. Qd5 e4 23. Qxd2 Bxc6 24. Bd4 Qe6 25. e3 Rd8 26. Qc2 Ra5 27. Bf1 Ba4 28.
Qb2 Bxd1 29. Rxd1 Rxa2 30. Qb4 Bxd4 31. cxd4 Qg4 32. Qb3 Ra5 33. Bc4 Rd7 34. d5
Qf3 35. Re1 h5 36. Be2 Ra1 37. Bxf3 Rxe1+ 38. Kf2 Rc1 39. Bxe4 Rc8 40. Qb5 Rd6
41. Ke2 f5 42. Bf3 Kf7 43. Kd3 a5 44. Kd4 Kf6 45. Qa6 Rcd8 46. Qc4 R8d7 47. h3
Rd8 48. g4 hxg4 49. hxg4 fxg4 50. Bg2 Kg7 51. e4 R6d7 52. e5 Rf8 53. Ke3 Ra7 54.
e6 a4 55. Qd4+ Kh6 56. Qxb6 Rfa8 57. d6 a3 58. Bxa8 Rxa8 59. Qb7 Ra4 60. Qh1+
Kg7 61. Qa1+ 1-0

[Event "e2e4 ch-IRL"]
[Site "Dublin IRL"]
[Date "2011.07.05"]
[Round "4"]
[White "Murray, David"]
[Black "Benson, Oisin P."]
[Result "1-0"]
[WhiteElo "2096"]
[BlackElo "2003"]
[Plycount "57"]
[WhiteFideId "2501511"]
[BlackFideId "2501821"]
[EventDate "2011.07.02"]
[Source "TWIC 870"]

1. e4 c5 2. Nc3 d6 3. f4 Nf6 4. Nf3 g6 5. Bb5+ Bd7 6. Bxd7+ Qxd7 7. O-O Bg7 8.
d3 Nc6 9. Qe1 Nd4 10. Nxd4 cxd4 11. Ne2 Ng4 12. Qb4 O-O 13. h3 Nh6 14. Bd2 a5
15. Qb3 b5 16. c3 dxc3 17. Bxc3 b4 18. Bxg7 Kxg7 19. Qd5 e6 20. Qd4+ f6 21. Rfc1
d5 22. Rc5 Rfd8 23. Rac1 Nf7 24. Rc7 Qa4 25. Qb6 dxe4 26. Nd4 Kg8 27. Qxe6 Qe8
28. Re7 Qf8 29. Rcc7 1-0

[Event "e2e4 ch-IRL"]
[Site "Dublin IRL"]
[Date "2011.07.05"]
[Round "4"]
[White "Janusaitis, Mindaugas"]
[Black "Reynolds, Pat"]
[Result "1/2-1/2"]
[WhiteElo "1968"]
[BlackElo "2043"]
[Plycount "133"]
[WhiteFideId "12802530"]
[BlackFideId "2501392"]
[EventDate "2011.07.02"]
[Source "TWIC 870"]

1. e4 c5 2. Nf3 Nc6 3. d4 cxd4 4. Nxd4 e6 5. Be2 Nf6 6. Bf3 Qc7 7. O-O Nxd4 8.
Qxd4 Bc5 9. Qd3 O-O 10. c4 d6 11. Nc3 a6 12. Na4 Ba7 13. Rd1 Bd7 14. Nc3 Rac8
15. Qxd6 Qxc4 16. e5 Bb8 17. Qd3 Bxe5 18. Bxb7 Bxh2+ 19. Kh1 Qh4 20. Qh3 Qxh3
21. gxh3 Rb8 22. Bxa6 Be5 23. Bf1 Bc6+ 24. Bg2 Bxc3 25. bxc3 Ne4 26. Be3 Rb2 27.
Rd4 Ng3+ 28. Kh2 Bxg2 29. Kxg3 Bc6 30. Rb4 Rc2 31. c4 e5 32. Rb5 Re8 33. Rb6
Rxc4 34. Rc1 Rxc1 35. Bxc1 Bd5 36. Ra6 f5 37. Bb2 g5 38. Ra5 f4+ 39. Kg4 Be6+
40. Kxg5 Bxh3 41. Bxe5 f3 42. Kf4 Rf8+ 43. Ke4 Bd7 44. Ra6 Bf5+ 45. Kxf3 Bd3+
46. Rf6 Ra8 47. Rd6 Bb1 48. Kg4 Rxa2 49. f4 Rg2+ 50. Kf3 Rg1 51. Rd7 Bf5 52. Rd6
Rb1 53. Rf6 Rb3+ 54. Kf2 Be4 55. Rd6 Kf7 56. Rh6 Ke7 57. Kf1 Bg6 58. Kg2 Ke6 59.
Rh3 Rb1 60. Re3 Kf5 61. Kf3 Rf1+ 62. Kg2 Rc1 63. Bd6 Rc2+ 64. Kg3 Rd2 65. Bb4
Rd4 66. Bc3 Rd5 67. Re5+ 1/2-1/2

[Event "e2e4 ch-IRL"]
[Site "Dublin IRL"]
[Date "2011.07.05"]
[Round "4"]
[White "Loughran, John"]
[Black "Cafolla, Peter"]
[Result "0-1"]
[WhiteElo "1916"]
[BlackElo "2053"]
[Plycount "98"]
[WhiteFideId "2501562"]
[BlackFideId "2500884"]
[EventDate "2011.07.02"]
[Source "TWIC 870"]

1. e4 c5 2. Nf3 Nc6 3. d4 cxd4 4. Nxd4 Nf6 5. Nc3 e5 6. Ndb5 d6 7. Bg5 a6 8. Na3
b5 9. Nd5 Be7 10. Bxf6 Bxf6 11. c3 O-O 12. Nc2 Rb8 13. Be2 Be6 14. Nce3 Bg5 15.
O-O a5 16. Qd3 Rb7 17. Rfd1 Qb8 18. g3 Rd8 19. Bg4 b4 20. h4 Bxe3 21. Nxe3 bxc3
22. bxc3 Bxg4 23. Nxg4 Qc8 24. Ne3 Ne7 25. Rd2 Rc7 26. Rc1 Rc5 27. Rb2 Qc6 28.
Rd2 h5 29. Kg2 d5 30. exd5 Nxd5 31. Kh2 Rd7 32. Qe4 Nf6 33. Qxc6 Rxc6 34. Rxd7
Nxd7 35. Nd5 Kf8 36. Kg2 f5 37. f3 Kf7 38. Kf2 Ke6 39. c4 Nc5 40. Ke2 Nb7 41.
Rc3 Nd6 42. Ne3 Nb5 43. Rc1 Nd4+ 44. Kf2 Kd6 45. Nf1 Kc5 46. Ke3 Rb6 47. f4 e4
48. Nd2 Rb2 49. a3 Rxd2 0-1

[Event "e2e4 ch-IRL"]
[Site "Dublin IRL"]
[Date "2011.07.05"]
[Round "4"]
[White "King, Melvyn"]
[Black "Twomey, Pat"]
[Result "1-0"]
[WhiteElo "1980"]
[BlackElo "1881"]
[Plycount "39"]
[WhiteFideId "2503379"]
[BlackFideId "2501937"]
[EventDate "2011.07.02"]
[Source "TWIC 870"]

1. e4 c5 2. Nc3 g6 3. Bc4 Nc6 4. f4 Bg7 5. Nf3 e6 6. f5 Nge7 7. d3 Na5 8. f6
Bxf6 9. e5 Bg7 10. Ne4 Qc7 11. Nd6+ Kf8 12. Bf4 Nxc4 13. dxc4 Nf5 14. Qd2 Nxd6
15. exd6 Qb6 16. O-O Qxb2 17. Bh6 Bxh6 18. Qxh6+ Qg7 19. Qg5 f5 20. Qd8+ 1-0

[Event "e2e4 ch-IRL"]
[Site "Dublin IRL"]
[Date "2011.07.05"]
[Round "4"]
[White "O'Rourke, Ray"]
[Black "Doyle, Hugh"]
[Result "1-0"]
[WhiteElo "2038"]
[BlackElo "1909"]
[Plycount "78"]
[WhiteFideId "2501023"]
[BlackFideId "2500876"]
[EventDate "2011.07.02"]
[Source "TWIC 870"]

1. e4 c5 2. Nf3 d6 3. d4 cxd4 4. Nxd4 Nf6 5. Nc3 a6 6. Bc4 e6 7. Bb3 Nbd7 8. Be3
Nc5 9. f3 b5 10. Qd2 Bb7 11. O-O-O Nfd7 12. g4 Nb6 13. Qf2 Qc8 14. g5 b4 15.
Nce2 a5 16. c3 Ba6 17. Bc2 Nc4 18. h4 Qb7 19. b3 bxc3 20. Nxc3 Qb4 21. Nb1 Ne5
22. a3 Qb7 23. Kd2 Ned3 24. Qg3 Be7 25. Nc3 Rc8 26. Rb1 Ne5 27. f4 Nc6 28. h5
Qc7 29. b4 Nxd4 30. Bxd4 Nd7 31. b5 Bb7 32. g6 hxg6 33. hxg6 Rxh1 34. gxf7+ Kxf7
35. Qxg7+ Ke8 36. Rxh1 Nf8 37. Rh8 Ba8 38. b6 Qd7 39. Bf6 Bc6 1-0

[Event "e2e4 ch-IRL"]
[Site "Dublin IRL"]
[Date "2011.07.06"]
[Round "5"]
[White "McMahon, Daire"]
[Black "Brady, Stephen"]
[Result "1/2-1/2"]
[BlackTitle "FM"]
[WhiteElo "2196"]
[BlackElo "2357"]
[Plycount "39"]
[WhiteFideId "2500477"]
[BlackFideId "2500124"]
[EventDate "2011.07.02"]
[Source "TWIC 870"]

1. d4 Nf6 2. c4 e6 3. Nf3 b6 4. g3 Ba6 5. Nbd2 Bb7 6. Bg2 c5 7. O-O cxd4 8. Nxd4
Bxg2 9. Kxg2 Bc5 10. N2b3 Be7 11. f3 O-O 12. e4 Qc7 13. Qd3 Rc8 14. Bf4 e5 15.
Nf5 Bf8 16. Bg5 Ne8 17. Rac1 Nc6 18. a3 h6 19. Be3 d6 20. Rfd1 1/2-1/2

[Event "e2e4 ch-IRL"]
[Site "Dublin IRL"]
[Date "2011.07.06"]
[Round "5"]
[White "O'Connor, Jonathan"]
[Black "Redmond, John P."]
[Result "0-1"]
[WhiteElo "2124"]
[BlackElo "2190"]
[Plycount "90"]
[WhiteFideId "2501112"]
[BlackFideId "2500051"]
[EventDate "2011.07.02"]
[Source "TWIC 870"]

1. e4 e6 2. d4 d5 3. e5 c5 4. c3 Nc6 5. Nf3 Qb6 6. a3 c4 7. Nbd2 Na5 8. h4 Bd7
9. h5 O-O-O 10. g3 Nh6 11. Bh3 f5 12. Rb1 Nf7 13. Nf1 Be7 14. Be3 g5 15. N3d2
Rhg8 16. f3 Bb5 17. Rh2 Qc6 18. Rg2 Ba4 19. Qe2 Bc2 20. Rc1 Bd3 21. Qd1 Qb5 22.
Rh2 Rdf8 23. f4 Nh6 24. Rf2 gxf4 25. Bxf4 Ng4 26. Bxg4 Rxg4 27. Nh2 Rxf4 28.
Rxf4 Bg5 29. Rf2 Qxb2 30. Nhf1 Qxa3 31. Rf3 b6 32. Ne3 f4 33. Nef1 fxg3 34. Ra1
Rxf3 35. Rxa3 Rxf1+ 36. Nxf1 g2 37. Kf2 gxf1=Q+ 38. Qxf1 Bxf1 39. Kxf1 h6 40.
Ra2 Kd7 41. Rf2 Ke7 42. Ke2 Nb3 43. Kd1 a5 44. Kc2 b5 45. Rg2 b4 0-1

[Event "e2e4 ch-IRL"]
[Site "Dublin IRL"]
[Date "2011.07.06"]
[Round "5"]
[White "Prizant, Michael"]
[Black "Daly, Colm"]
[Result "1/2-1/2"]
[BlackTitle "FM"]
[WhiteElo "2126"]
[BlackElo "2305"]
[Plycount "133"]
[WhiteFideId "413640"]
[BlackFideId "2500434"]
[EventDate "2011.07.02"]
[Source "TWIC 870"]

1. e4 e6 2. d4 d5 3. Nc3 Nf6 4. Bg5 dxe4 5. Nxe4 Nbd7 6. Nf3 Be7 7. Nxf6+ Bxf6
8. h4 h6 9. Bxf6 Qxf6 10. Qd2 O-O 11. O-O-O Rd8 12. Bd3 c6 13. Qe2 b6 14. Qe4
Bb7 15. g4 g6 16. g5 hxg5 17. hxg5 Qg7 18. Rh3 Rab8 19. Rdh1 c5 20. Qh4 Kf8 21.
Qf4 Bxf3 22. Qxf3 Qxd4 23. Bxg6 Qg7 24. Bd3 Qxg5+ 25. Kb1 Ne5 26. Qe4 Nxd3 27.
cxd3 Ke7 28. Rf3 Rd5 29. Rh7 Rf8 30. Qa4 Qg6 31. Rhh3 Rd7 32. Qh4+ f6 33. Rhg3
Qf7 34. Qh6 Ke8 35. Rg6 Qh7 36. Qxh7 Rxh7 37. Rfxf6 Rxf6 38. Rxf6 Ke7 39. Rf3
Kd6 40. Kc2 Kd5 41. Kc3 a5 42. a4 Rh4 43. b3 Rh1 44. Rf8 Rc1+ 45. Kd2 Rb1 46.
Kc3 Rc1+ 47. Kd2 Rb1 48. Kc3 Rc1+ 49. Kd2 Rh1 50. Rb8 Kc6 51. Rc8+ Kd7 52. Rb8
Kc7 53. Rf8 Rh4 54. Kc3 Kd6 55. Rb8 Rb4 56. Rf8 Ke5 57. Rf7 Kd6 58. Rf8 e5 59.
Rf6+ Kd5 60. Rh6 b5 61. axb5 Rxb5 62. Ra6 e4 63. dxe4+ Kxe4 64. Kc4 Rb4+ 65. Kc3
Rb5 66. Kc4 Rb4+ 67. Kc3 1/2-1/2

[Event "e2e4 ch-IRL"]
[Site "Dublin IRL"]
[Date "2011.07.06"]
[Round "5"]
[White "Jones, Iolo C"]
[Black "Moran, Stephen"]
[Result "1-0"]
[WhiteTitle "CM"]
[WhiteElo "2286"]
[BlackElo "1983"]
[Plycount "111"]
[WhiteFideId "1800094"]
[BlackFideId "2501872"]
[EventDate "2011.07.02"]
[Source "TWIC 870"]

1. d4 Nf6 2. Nf3 d5 3. g3 c5 4. c3 Qb6 5. Bg2 Nc6 6. O-O e6 7. e3 Be7 8. Nbd2
O-O 9. Qb3 Bd7 10. Re1 Rfd8 11. Bf1 Qxb3 12. axb3 a6 13. Bd3 Rac8 14. Kg2 h6 15.
Ne5 Bd6 16. Nxd7 Nxd7 17. f4 f5 18. Be2 Kf7 19. g4 g6 20. gxf5 gxf5 21. Nf3 Rg8+
22. Kh3 Nf6 23. Rg1 Rxg1 24. Nxg1 Ne4 25. Kg2 Rg8+ 26. Kf1 Bc7 27. Bh5+ Ke7 28.
Bf3 Bd6 29. Nh3 Kd7 30. Nf2 cxd4 31. exd4 Ne7 32. Nd3 Ng6 33. Ne5+ Nxe5 34. fxe5
Bf8 35. Bf4 Rg6 36. c4 Be7 37. Ke2 Kc6 38. Be3 Kd7 39. Rf1 Kc6 40. cxd5+ Kxd5
41. Kd3 Bd8 42. Re1 Bb6 43. Bf4 Bxd4 44. Rxe4 fxe4+ 45. Bxe4+ Kc5 46. Bxg6 Bxb2
47. Be4 b5 48. Kc2 Bd4 49. h4 a5 50. h5 a4 51. bxa4 bxa4 52. Bf3 Kb4 53. Bxh6 a3
54. Bf8+ Kc4 55. Bxa3 Bxe5 56. Bf8 1-0

[Event "e2e4 ch-IRL"]
[Site "Dublin IRL"]
[Date "2011.07.06"]
[Round "5"]
[White "Josse, Mark"]
[Black "Fox, Anthony"]
[Result "1-0"]
[WhiteElo "2176"]
[BlackElo "2087"]
[Plycount "149"]
[WhiteFideId "414476"]
[BlackFideId "2500736"]
[EventDate "2011.07.02"]
[Source "TWIC 870"]

1. e4 e5 2. Nf3 Nc6 3. Bc4 Nf6 4. d3 Be7 5. O-O O-O 6. Bb3 d6 7. c3 Na5 8. Bc2
c5 9. a3 Nc6 10. b4 a6 11. Re1 h6 12. Nbd2 Qc7 13. Bb2 Re8 14. Rc1 b5 15. d4 c4
16. d5 Nb8 17. a4 Nh7 18. Ra1 Qb7 19. h3 Nd7 20. Nf1 Ndf8 21. Ra3 Ng6 22. Qa1
Bd7 23. Qa2 Ng5 24. Nxg5 Bxg5 25. Ra1 Rab8 26. axb5 axb5 27. Ra7 Qc8 28. Qa6
Bxh3 29. Qxc8 Bxc8 30. Bc1 Bxc1 31. Rxc1 Re7 32. Rca1 Rxa7 33. Rxa7 Nf4 34. Ng3
g6 35. Kf1 Kf8 36. f3 Ke8 37. Kf2 h5 38. Ne2 Nxe2 39. Kxe2 Bd7 40. Ke3 g5 41.
Kf2 h4 42. Bd1 Rd8 43. Be2 Ke7 44. Kg1 Kf6 45. Kh2 Be8 46. Bf1 Kg6 47. g3 hxg3+
48. Kxg3 Bd7 49. Ra6 Be8 50. Bh3 Kg7 51. Ra7 Kf6 52. Bf5 Rb8 53. Kg4 Rd8 54. Ra6
Kg7 55. Kxg5 f6+ 56. Kg4 Kh6 57. Ra7 Bh5+ 58. Kh4 Bg6 59. Rd7 Ra8 60. Rxd6 Bxf5
61. exf5 Ra3 62. Rxf6+ Kg7 63. Rb6 Rxc3 64. Kg5 Rxf3 65. Rb7+ Kg8 66. Rxb5 c3
67. Kg6 Rg3+ 68. Kf6 e4 69. Rc5 Rd3 70. b5 c2 71. Rxc2 Rxd5 72. Kg6 Kf8 73. f6
Ke8 74. f7+ Ke7 75. Rc8 1-0

[Event "e2e4 ch-IRL"]
[Site "Dublin IRL"]
[Date "2011.07.06"]
[Round "5"]
[White "Short, Philip"]
[Black "Murray, David"]
[Result "1-0"]
[WhiteTitle "FM"]
[WhiteElo "2293"]
[BlackElo "2096"]
[Plycount "83"]
[WhiteFideId "2500086"]
[BlackFideId "2501511"]
[EventDate "2011.07.02"]
[Source "TWIC 870"]

1. d4 Nf6 2. c4 e6 3. Nc3 Bb4 4. e3 b6 5. Ne2 Bb7 6. a3 Be7 7. Ng3 d5 8. cxd5
Nxd5 9. e4 Nxc3 10. bxc3 c5 11. Bb5+ Kf8 12. O-O h5 13. Nxh5 cxd4 14. cxd4 a6
15. Bd3 Qxd4 16. Be3 Qe5 17. Ng3 Nd7 18. Rb1 Rd8 19. Qe2 Nc5 20. Bc2 Bc6 21.
Rfd1 Rb8 22. Qd2 Rh4 23. Bd4 Qc7 24. Qc3 f6 25. a4 a5 26. Qc4 Re8 27. Rb2 Kf7
28. Rdb1 Rb8 29. h3 g6 30. Bb3 Nxb3 31. Rxb3 Bb4 32. Bc3 Bd6 33. Bxa5 Bxg3 34.
Bxb6 Rxb6 35. Rxb6 Bxf2+ 36. Kxf2 Qf4+ 37. Ke2 Qxe4+ 38. Qxe4 Rxe4+ 39. Kd3 Bd5
40. Ra1 g5 41. a5 Rh4 42. Rb2 1-0

[Event "e2e4 ch-IRL"]
[Site "Dublin IRL"]
[Date "2011.07.06"]
[Round "5"]
[White "Doyle, Hugh"]
[Black "Loughran, John"]
[Result "1-0"]
[WhiteElo "1909"]
[BlackElo "1916"]
[Plycount "71"]
[WhiteFideId "2500876"]
[BlackFideId "2501562"]
[EventDate "2011.07.02"]
[Source "TWIC 870"]

1. c4 e6 2. g3 d5 3. Nf3 Nf6 4. Bg2 c5 5. cxd5 exd5 6. d4 Nc6 7. O-O Be6 8. b3
Rc8 9. Bb2 b6 10. Nc3 Be7 11. Rc1 O-O 12. dxc5 Bxc5 13. Nb5 Ne4 14. e3 Bg4 15.
h3 Bxf3 16. Bxf3 Nxg3 17. fxg3 Bxe3+ 18. Kh2 Bxc1 19. Bxc1 a6 20. Nd4 Ne5 21.
Bg2 Qd7 22. Bb2 f6 23. Rf2 Rfd8 24. Rd2 Kh8 25. Ne2 Qf5 26. Nf4 Rc5 27. Bd4 Rb5
28. a4 g5 29. axb5 gxf4 30. g4 Qg5 31. Bxe5 fxe5 32. Rxd5 Re8 33. bxa6 f3 34.
Qxf3 Ra8 35. a7 h5 36. Rd7 1-0

[Event "e2e4 ch-IRL"]
[Site "Dublin IRL"]
[Date "2011.07.06"]
[Round "5"]
[White "Cafolla, Peter"]
[Black "Janusaitis, Mindaugas"]
[Result "1-0"]
[WhiteElo "2053"]
[BlackElo "1968"]
[Plycount "129"]
[WhiteFideId "2500884"]
[BlackFideId "12802530"]
[EventDate "2011.07.02"]
[Source "TWIC 870"]

1. d4 d5 2. c4 c6 3. Nf3 Nf6 4. e3 Bf5 5. Nc3 e6 6. b3 Bb4 7. Bd2 Bd6 8. Be2
Nbd7 9. Nh4 O-O 10. Nxf5 exf5 11. cxd5 Nxd5 12. Nxd5 cxd5 13. Bf3 Nf6 14. O-O
Ne4 15. g3 Rc8 16. Rc1 Qe7 17. Rc2 Qe6 18. Bxe4 fxe4 19. a4 Qh3 20. Rxc8 Rxc8
21. f4 f5 22. Qb1 Qh5 23. Rc1 Qe8 24. Bc3 Rc6 25. Qb2 Qc8 26. Bd2 Rxc1+ 27. Bxc1
Qc6 28. Kf2 Bb4 29. Bd2 Qh6 30. Kg1 Bxd2 31. Qxd2 Qh5 32. Qc2 Qf3 33. Qc8+ Kf7
34. Qxf5+ Kg8 35. Qxd5+ Kf8 36. Qd8+ Kf7 37. Qc7+ Kg6 38. Qc1 h5 39. Qe1 Kf7 40.
a5 a6 41. f5 Ke8 42. b4 Qxf5 43. Qf1 Qc8 44. Qf4 Qc1+ 45. Kg2 Qc2+ 46. Kh3 Qd3
47. Qb8+ Kf7 48. Qxb7+ Kg6 49. Qc6+ Kh7 50. Qc1 Qe2 51. b5 Qxb5 52. Qc5 Qd7+ 53.
Kg2 Qf7 54. Qg5 Qf3+ 55. Kh3 Qe2 56. Qf5+ Kh6 57. Qf4+ g5 58. Qf6+ Kh7 59. Qxg5
Qf1+ 60. Kh4 Qg2 61. Qxh5+ Kg7 62. Qg5+ Kh8 63. h3 Qd2 64. Kh5 Kh7 65. Qe7+ 1-0